50 biggest cities in North Dakota with a map - Statistics

General Stats
  • This quiz has been taken 29 times
  • The average score is 22 of 50
Answers on the Map
Answers color-coded by a green-red scale on the quiz's map according to % correct below.
 
Answer Stats
City Population % Correct
Bismarck 75,092
96%
Fargo 133,188
96%
Grand Forks 58,921
88%
Minot 47,373
88%
West Fargo 40,400
80%
Dickinson 25,130
76%
Jamestown 15,691
72%
Mandan 24,586
72%
Williston 27,706
72%
Wahpeton 8,000
68%
Devils Lake 7,135
64%
Valley City 6,551
64%
Watford City 6,020
60%
Beulah 3,034
52%
Casselton 2,472
52%
Horace 5,643
48%
Rugby 2,446
48%
New Town 2,725
44%
Grafton 4,059
40%
Hazen 2,276
40%
Lincoln 4,426
40%
Stanley 2,184
40%
Bottineau 2,171
36%
Carrington 2,009
36%
Hillsboro 1,641
36%
Langdon 1,847
36%
Cavalier 1,223
32%
Lisbon 2,173
32%
Mapleton 1,435
32%
Mayville 1,805
32%
Velva 1,046
32%
Washburn 1,283
32%
Bowman 1,411
28%
Burlington 1,306
28%
Hettinger 1,043
28%
Linton 1,045
28%
Oakes 1,764
28%
Tioga 2,097
28%
Cando 1,047
24%
Crosby 1,036
24%
Ellendale 1,093
24%
Garrison 1,464
24%
Harvey 1,600
24%
Larimore 1,224
24%
New Rockford 1,310
24%
New Salem 1,027
24%
Park River 1,385
24%
Thompson 1,069
24%
Surrey 1,417
20%
Rolla 1,165
16%
No matching quizzes found
Score Distribution
Percent of People with Each Score
Percentile by Number Answered
Your Score History
You have not taken this quiz